000 00433nam a2200169Ia 4500
008 230711s9999||||xx |||||||||||||| ||und||
020 _a978-81-265-3608-5
041 _aENG
082 _a5.368
_bME-A
100 _aMeier,Reto
245 0 _aProfessional Android 4 Application Development
250 _a1st Ed.
260 _c2012
_aNew Delhi
_bWiley India Pvt.Ltd
300 _a817p.
650 _aComputer Engineering
942 _cBK
999 _c6554
_d6554